Postacie historyczne według zdjęcia #4 - Statystyki

Ogólne statystyki
  • Ten quiz został rozwiązany 2 493 razy
  • Średni wynik to 7 z 16
Statystyki odpowiedzi
Obrazkowy Hint Odpowiedź % Poprawnych
1473–1543 Mikołaj Kopernik
98%
1930–2012 Neil Armstrong
86%
1756–1791 Wolfgang Amadeusz Mozart
82%
100 p.n.e.–44 p.n.e. Juliusz Cezar
77%
1452–1519 Leonardo da Vinci
56%
1904–1989 Salvador Dali
49%
1431–1476 Wład Palownik
39%
1755–1793 Maria Antonina
36%
1122–1202 Mieszko III Stary
28%
1907–1954 Frida Kahlo
27%
1184-1227 Leszek Biały
22%
1105–1159 Władysław II Wygnaniec
19%
1122–1173 Bolesław IV Kędzierzawy
15%
1138–1194 Kazimierz II Sprawiedliwy
15%
1161–1231 Władysław III Laskonogi
11%
1452–1485 Ryszard III
5%
Nie znaleziono quizów pasujących do podanych kryteriów
Rozkład punktacji
Procent ludzi z każdym wynikiem
Percentyl według liczby udzielonych odpowiedzi
Twoja historia wyników
Nie rozwiązałeś tego quizu